000 00552nam a2200181Ia 4500
003 GCL
008 140319s9999 xx 000 0 ara d
040 _aGCL /
_cGCL
082 0 4 _a355.0217
_bع خ
100 1 _aعبدالرحمن سلطان
245 1 0 _aالخيار العسكرى العربى /
_cعبدالرحمن سلطان
300 _a205 ص
490 _a
650 0 4 _aالنزاع العربى الاسرائيلى
650 0 4 _aالحرب الكيميائية
650 0 4 _aالاستراتيجية - نظريات
942 _2ddc
_cBK
999 _c44339
_d44339